John de Andrea

Bibliographic Details
Main Author: E.S (Author)
Format: Article
Language:Slovak
Subjects:

MARC

LEADER 00000nab a2200000 a 4500
001 vtls000534360
003 SK-MaSNL
005 20260304102203.0
008 250426c1994 xo 0 slo
015 |a SNBRB19rr/mm-uuuuu 
035 |a CL0534498 
035 |a urn:nbn:sk:snk-abdi2 
035 |a (urnnbn)urn:nbn:sk:snk:ar-0056pc 
035 |a (uuid)f889dc58-e475-4dc9-b32c-1dd200d54c2f 
040 |a SNKBUCL  |b slo  |c SNKBUCL  |e AACR2 
041 0 |a slo 
044 |a xo  |c SK 
080 |a 730.071.1:061.4  |2 1981 
100 1 |a E.S.  |4 aut  |9 465792 
245 1 0 |a John de Andrea  |c E.S. 
600 1 7 |a Andrea, John  |c de  |d ?-  |x tvorba umelecká - výstavy - Viedeň - máj-august 1994 - hodnotenie  |2 snkbucl  |9 1398730 
650 0 7 |a Andrea, John de  |2 snkbucl  |9 1398731 
655 7 |a články z novín a časopisov  |2 snkbucl  |9 267496 
773 0 |t Výtvarný život  |g Roč. 39, č. 4-5 (1994), s. 11 
850 |a Slovenská národná knižnica 
852 |a Slovenská národná knižnica 
954 |a odborná, vedecká literatúra pôvodná (slovenská)  |2 lita 
958 |a article27 
958 |a RK 
958 |a AT 
958 |a US 
958 |a OND 
958 |a EUIPO 
992 |a RBX 
999 |c 2844329  |d 2846259